| 000 | 00700nam a22002057a 4500 | ||
|---|---|---|---|
| 008 | 250801b |||||||| |||| 00| 0 eng d | ||
| 020 | _a9780199691821 | ||
| 040 |
_aCUZ _beng _crda _dCUZ _erda |
||
| 050 | _aP301.MEY | ||
| 100 | _aMichel Meyer | ||
| 245 |
_aWhat is rhetoric _cby Michel Meyer |
||
| 264 |
_aNew York _bOxford University press _c©2017 |
||
| 300 | _aextent xvi,250pages | ||
| 336 |
_atext _btxt |
||
| 337 |
_aunmediated _bn |
||
| 338 | _2rdacarrier | ||
| 500 | _aincludes bibliography and index | ||
| 650 |
_aLanguage. Linguistic theory, Comparative grammar _a Style. Composition. Rhetoric _aLanguage and Literature |
||
| 942 |
_cOS _i301MEY _kP |
||
| 999 |
_c45290 _d45290 |
||